Las cien mejores peliculas sobre el Nazismo
Guardat en:
| Autor principal: | |
|---|---|
| Format: | Llibre |
| Idioma: | espanyol |
| Publicat: |
Madrid
Cacitel
2005
|
| Matèries: | |
| Etiquetes: |
Afegir etiqueta
Sense etiquetes, Sigues el primer a etiquetar aquest registre!
|
MARC
| LEADER | 00000cam a2200000 a 4500 | ||
|---|---|---|---|
| 001 | UCF6561 | ||
| 003 | CL-VaPUC | ||
| 008 | 130503e20050000SP |||||||||||||||||spa|d | ||
| 020 | |a 8487754961 | ||
| 082 | 0 | 4 | |a 791.43 |b CAR |2 21 |
| 100 | 0 | |a Carmona, Luis Miguel |e author |9 568546 | |
| 245 | 1 | 4 | |a Las cien mejores peliculas sobre el Nazismo |
| 300 | |a 286 p | ||
| 942 | |c BK | ||
| 945 | |d 20130503 00:00:00 |a dcastane | ||
| 260 | |a Madrid |b Cacitel |c 2005 | ||
| 650 | 0 | |a Cine alemán |9 408351 | |
| 650 | 0 | |a Aspectos políticos |9 257400 | |
| 650 | 0 | |a Historia del cine |9 265166 | |
| 583 | |a last modification |c 20130503 10:06:00 |k Rodrigo Vera | ||
| 999 | |c 351714 |d 351712 | ||
| 952 | |0 0 |1 0 |4 0 |6 791_430000000000000_CAR_2005 |7 0 |8 A |9 455994 |a BIBHIS |b BIBHIS |d 2019-11-22 |i 4969960 |o 791.43 CAR 2005 |p 4969960 |r 2025-01-20 |w 2019-11-22 |y BK |k HIS | ||